Retrat de músics i ballarines d'un tablao flamenco
Descripción Física:
full : il·lustració en blanc i negre; 21 x 13'5 cm
Materias:
Fons Joan Junyer i Pascual (1909-1994)
Idioma:
Catalán
MARC
| LEADER | 00000nkm a22000004i 4500 | ||
|---|---|---|---|
| 001 | 29231 | ||
| 003 | AGDB | ||
| 005 | 20260324181543.0 | ||
| 008 | 260112b spa||||| |||| 00| 0 cat d | ||
| 040 | |a agdb |b cat | ||
| 245 | |a Retrat de músics i ballarines d'un tablao flamenco | ||
| 260 | |a [s.l.] : |b [s.n.], |c [s.a.] | ||
| 300 | |a full : |b il·lustració en blanc i negre; |c 21 x 13'5 cm | ||
| 500 | |a Prové del fons Joan Junyer i Pascual (1909-1994) | ||
| 500 | |a Reproducció en paper d'una fotografia (possible atribució a Irving Penn) | ||
| 650 | |a Fons Joan Junyer i Pascual (1909-1994) |9 72777 | ||
| 942 | |2 udc |c ARXIU |n 1 | ||
| 952 | |0 0 |1 0 |2 udc |4 0 |6 F504324 |7 1 |9 98919 |a Arxiu |b Arxiu |d 2026-01-12 |l 0 |o F-504-324 |p 29231 |r 2026-01-12 12:59:20 |w 2026-01-12 |y ARXIU | ||
| 999 | |c 130587 |d 130587 | ||